Loading...
| Science - Chemistry | 0 | 8 | 0 | 1 | 80 | 77 | 103.00 | 2 | 3 | 9.76 | 38.18 |
| Mythology | 0 | 2 | 0 | 0 | 20 | 112 | 121.00 | 0 | 0 | 1.45 | 8.18 |
| Fine Arts - Painting and Sculpture | 0 | 2 | 0 | 0 | 20 | 62 | 100.50 | 1 | 1 | 5.17 | 10.00 |
| Science - Biology | 0 | 2 | 0 | 1 | 20 | 122 | 122.50 | 0 | 0 | 0.81 | 8.18 |
| Literature - American | 0 | 2 | 0 | 0 | 20 | 100 | 121.00 | 0 | 1 | 2.57 | 8.18 |
| History - Other | 0 | 2 | 0 | 0 | 20 | 119 | 123.00 | 0 | 0 | 1.24 | 6.36 |
| Science - Physics | 0 | 2 | 2 | 0 | 10 | 89 | 99.00 | 0 | 1 | 2.86 | 10.00 |
| Fine Arts - Other | 0 | 1 | 0 | 0 | 10 | 124 | 124.00 | 0 | 1 | 0.68 | 7.27 |
| Social Science | 0 | 1 | 0 | 0 | 10 | 73 | 73.00 | 1 | 1 | 2.77 | 9.09 |
| History - American | 0 | 1 | 0 | 0 | 10 | 124 | 124.00 | 0 | 0 | 0.07 | 6.36 |
| History - European | 0 | 1 | 0 | 0 | 10 | 58 | 58.00 | 0 | 0 | 5.07 | 5.45 |
| History - World | 0 | 1 | 0 | 0 | 10 | 120 | 120.00 | 0 | 0 | 0.43 | 2.73 |
| Literature - World | 0 | 1 | 0 | 0 | 10 | 112 | 112.00 | 0 | 0 | 1.38 | 1.82 |
| Philosophy | 0 | 1 | 0 | 1 | 10 | 135 | 135.00 | 0 | 0 | 0.00 | 1.82 |